Modelo de aprendizaje WEBQUEST : (Record no. 174397)

MARC details
000 -CABECERA
campo de control de longitud fija 00844nam a2200241 a 4500
005 - FECHA Y HORA DE LA ÚLTIMA TRANSACCIÓN
campo de control 20260324064023.0
008 - ELEMENTOS DE LONGITUD FIJA--INFORMACIÓN GENERAL
campo de control de longitud fija 150305s2014 mx r 000 0 spa d
020 ## - NÚMERO INTERNACIONAL NORMALIZADO PARA LIBROS
Número Internacional Estándar del Libro 9786071717672
035 ## - NÚMERO DE CONTROL DEL SISTEMA
Número de control de sistema UPN01000202296
049 ## - COLECCIÓN
Colección CG
050 #4 - SIGNATURA TOPOGRÁFICA DE LA BIBLIOTECA DEL CONGRESO
Número de clasificación LB1044.87
Número de documento/Ítem B5.5
100 1# - ASIENTO PRINCIPAL--NOMBRE PERSONAL
Nombre de persona Bilbao Rodríguez, María del Carmen
9 (RLIN) 36828
245 10 - MENCIÓN DE TÍTULO
Título Modelo de aprendizaje WEBQUEST :
Resto del título un cambio en el uso de internet /
Mención de responsabilidad, etc. María del Carmen Bilbao Rodríguez, Patricia Velasco García.
260 ## - PUBLICACIÓN, DISTRIBUCIÓN, ETC.
Lugar de publicación, distribución, etc. México :
Nombre del editor, distribuidor, etc. Trillas,
Fecha de publicación, distribución, etc. 2014.
300 ## - DESCRIPCIÓN FÍSICA
Extensión 118 p. :
Otras características físicas il.
440 #0 - MENCIÓN DE SERIE/ASIENTO SECUNDARIO--TÍTULO
Título Biblioteca integral del maestro
650 #4 - ASIENTO SECUNDARIO DE MATERIA - TERMINO TEMATICO
Término de materia o nombre geográfico como elemento de entrada Internet en la educación
9 (RLIN) 602
650 #2 - ASIENTO SECUNDARIO DE MATERIA - TERMINO TEMATICO
Término de materia o nombre geográfico como elemento de entrada World Wide Web (Sistema de recuperación de información)
9 (RLIN) 12328
650 #4 - ASIENTO SECUNDARIO DE MATERIA - TERMINO TEMATICO
Término de materia o nombre geográfico como elemento de entrada Reforma educativa
9 (RLIN) 1530
700 1# - ASIENTO SECUNDARIO--NOMBRE DE PERSONAL
Nombre de persona Velasco García, Patricia,
Término indicativo de función/relación coaut.
905 ## - TIPO DE MATERIAL
Tipo de material Libro
Holdings
Estado de retiro Estado de pérdida Fuente del sistema de clasificación o colocación Estado dañado No para préstamo Código de colección Localización permanente Ubicación/localización actual Ubicación en estantería Total de préstamos Clasificación Código de barras Fecha visto por última vez Número de copia Tipo de ítem Koha
    Library of Congress Classification     Colección General Bib. Gregorio Torres Quintero Bib. Gregorio Torres Quintero Planta baja 4 LB1044.87 B5.5 302464 31/12/2020 1 Libro
    Library of Congress Classification     Colección General Bib. Gregorio Torres Quintero Bib. Gregorio Torres Quintero Planta baja 3 LB1044.87 B5.5 302463 31/12/2020 1 Libro
    Library of Congress Classification     Colección General Bib. Gregorio Torres Quintero Bib. Gregorio Torres Quintero Planta baja 4 LB1044.87 B5.5 302462 31/12/2020 1 Libro